000
00280nam a2200097Ia 4500
001
1075507
005
20250827002239.0
008
250824s9999 xx 000 0 und d
245
0
_a
ANADOLU SELÇUKLU SANATININ GEOMETRİK DİLİ
_c
SERAP EKİZLER SÖNMEZ
260
_b
KETEBE YAYINLARI
999
_c
1075507
_d
1075507